000
00282nam a2200121Ia 4500
008
240624s9999 xx 000 0 und d
041
_a
eng
082
_a
650.13 DIL
100
_a
DILLON KAREN
245
_a
HBR GUIDE TO OFFICE POLITICS
260
_c
2015
_a
Boston
_b
HBR
365
_c
RS
999
_c
26782
_d
26782